• 首页
  • 本馆介绍
  • 公告通知
  • 最新文献
  • 馆藏检索
  • 电子资源
  • 读者导购
  • 参考咨询
  • 我的图书馆
  • 登录
  • 详细信息显示
  • 放入我的书架
  • 预约/预借图书
  • 作者相关作品
  • 分类相关作品
  • 丛书相关作品
  • 出版社相关作品

书目信息

  • 表格格式
  • 工作单格式
  • 卡片格式
题名:
做自己想做的人
    
 
作者: 艾柯 编译
分册:  
出版信息: 天津   天津教育出版社  2006
页数: 241页
开本: 20cm
丛书名: 美丽英文系列
单 册:
中图分类: H319.4 , H309.4
科图分类:
主题词: 英语
电子资源:
ISBN: 7-5309-4743-5
000 00593nam0 2200217 450
001 0728815141
005 20071109093333.46
010    @a7-5309-4743-5@dCNY18.80
100    @a20070828d km y0chiy0120 ea
101 0  @achi
200 1  @a做自己想做的人@Azuo zi ji xiang zuo de ren@f艾柯编译@Fai ke bian yi
210    @a天津@c天津教育出版社@d2006
215    @a241页@d20cm
225 2  @a美丽英文系列
410  0 @12001 @a美丽英文系列
606 0  @a英语
690    @aH319.4@v4
690    @aH309.4@v4
701  0 @a艾柯@Aai ke@4编译
801  0 @aCN@bPFT@c20071109
905    @a213230@dH309.4@eW499@f1
    
    做自己想做的人/艾柯编译.-天津:天津教育出版社,2006
    241页;20cm.-(美丽英文系列)
    
    
    ISBN 7-5309-4743-5:CNY18.80
    
●
相关链接 在E读中查询图书 在五车中查询图书 在当当中查询图书 在豆瓣中查询图书


正题名:做自己想做的人     索取号:H309.4/W499         预约/预借

序号 登录号 条形码 馆藏地/架位号 状态 备注
1 0707888   207078883   外语系资料室/ [索取号:H309.4/W499] 在馆    
2 0707889   207078892   密集书库—外国语学院/ [索取号:H309.4/W499] 在馆    
唐山师范学院图书馆 欢迎您!
大连网信软件有限公司© 版权所有